000 01336cam a22003857a 4500
003 CHAP
005 20220329141442.0
008 971013s1988 r 00010 d
010 _a68391
011 _a69363
035 _a78839
040 _cCHAP
082 _a630.972016
_bS3
100 0 0 _aSantos, Carlos.
_9102544
245 0 _aMéxico
_b: el aprovechamiento de la frontera agrícola : una bibliografía
260 _aMéxico :
_bCEPAL,
_c1988
300 _a158 P.
490 0 _a(Le/MEX/L-88
590 _aBATCH-UPD
_b10
_c20130110
_lUCH01
_h0420
590 _aBATCH-UPD
_b10
_c20130110
_lUCH01
_h2316
590 _aBATCH-UPD
_b10
_c20130410
_lUCH01
_h0055
590 _aBATCH-UPD
_b10
_c20130410
_lUCH01
_h1607
590 _aBATCH-UPD
_b10
_c20130914
_lUCH01
_h1501
590 _aCONVERSION
_b10
_c20130109
_lUCH01
_h1338
650 1 4 _aAgricultura
_xBibliografia
_xMexico.
_91332
650 1 4 _aGanadería
_xBibliografía
_xMéxico.
_944661
650 1 4 _aRecursos naturales
_xBibliografía
_zMéxico.
_995210
650 1 4 _aSilvicultura
_xBibliografía.
_9106112
700 0 _aSegovia, Ernesto.
_9103627
830 0 _a(Le/MEX/L-88
_965253
901 _aBK
942 _cLIBRO
949 _a630.972016 S3
_bBC
_cLIBRO
_d33724000568390
_eLIBRO
_fc.2
_h80278
_i78839
_si
949 _a630.972016 S3
_bBC
_cLIBRO
_d33724000568408
_eLIBRO
_h74539
_i78839
_si
999 _c68391
_d68391